<?xml version="1.0" encoding="UTF-8"?>
<collection xmlns="http://www.loc.gov/MARC21/slim">
  <record>
    <leader>00000nam  2200000   4500</leader>
    <controlfield tag="001">INLIS000000000009010</controlfield>
    <controlfield tag="005">20200715114110</controlfield>
    <datafield tag="035" ind1="#" ind2="#">
      <subfield code="a">0010-0720000101</subfield>
    </datafield>
    <controlfield tag="007">ta</controlfield>
    <controlfield tag="008">200715################g##########0#ind##</controlfield>
    <datafield tag="020" ind1="#" ind2="#">
      <subfield code="a">9795189379</subfield>
    </datafield>
    <datafield tag="082" ind1="#" ind2="#">
      <subfield code="a">320</subfield>
    </datafield>
    <datafield tag="084" ind1="#" ind2="#">
      <subfield code="a">320 Ndr k</subfield>
    </datafield>
    <datafield tag="100" ind1=" " ind2="#">
      <subfield code="a">Ndraha, Taliziduhu</subfield>
    </datafield>
    <datafield tag="245" ind1="1" ind2="#">
      <subfield code="a">Kybernologi Sebuah Rekonstruksi Ilmu Pemerintahan /</subfield>
      <subfield code="c">Taliziduhu Ndraha</subfield>
    </datafield>
    <datafield tag="250" ind1="#" ind2="#">
      <subfield code="a">Cet.1</subfield>
    </datafield>
    <datafield tag="260" ind1="#" ind2="#">
      <subfield code="a">Jakarta :</subfield>
      <subfield code="b">Rineka Cipta,</subfield>
      <subfield code="c">2005</subfield>
    </datafield>
    <datafield tag="300" ind1="#" ind2="#">
      <subfield code="a">xii, 254 hal. :</subfield>
      <subfield code="b">ilus ;</subfield>
      <subfield code="c">23 cm</subfield>
    </datafield>
    <datafield tag="650" ind1="#" ind2="#">
      <subfield code="a">1. Ilmu pemerintahan</subfield>
    </datafield>
    <datafield tag="520" ind1="#" ind2="#">
      <subfield code="a">Dari pengalaman politik selama lebih tiga dasawarsa tersebut, timbul kesadaran baru dikalangan rakyat tentang sistem nilai kerakyatan yang lain dan baru, disamping sistem-sistem nilai yang ada seperti pembayaran pajak, penanggung risiko, pemikul beban, dan sebagainya, tetapi juga sebagai korban dan bahkan mangsa. Setiap kali pemerintah menetapkan kebijakan dan mengambil keputusan,setiap kali itu pula timbul konsekuensi, akibat, risiko, atau hasil. Muncul pihak yang merasa puas, dan pihak yang merasa kecewa, pihak yang diuntungkan dan pihak yang meraa dirugikan atau dibebani. Jika kemudian kebijakan atau keputusan ternyata keliru, maka sistem nilai orang yng tadinya ''sekadar'' pembayar pajak berubah menjadi sistem nilai korban. Jikalau dikemudian hari ternyata, kebijakan atau keputusan itu dengan sengaja dirancang, dibuat dan diambil untuk mengorbankan atau memusnahkan pihak tertentu, maka sistem nilai korban berubah menjadi sistem nilai mangsa (homo homini lupus).</subfield>
    </datafield>
    <datafield tag="856" ind1="#" ind2="#">
      <subfield code="a">Perpustakaan Lembaga Administrasi Negara</subfield>
    </datafield>
    <datafield tag="990" ind1="#" ind2="#">
      <subfield code="a">06029479</subfield>
    </datafield>
    <datafield tag="990" ind1="#" ind2="#">
      <subfield code="a">06029482</subfield>
    </datafield>
    <datafield tag="990" ind1="#" ind2="#">
      <subfield code="a">06029480</subfield>
    </datafield>
  </record>
</collection>
